00462nam a22001457a 450000500170000002000250001703700210004210000190006324500720008226000280015427000500018230000470023249000170027970000200029620111212115542.0 a9780007244423c75.00 bBlueberry Books  aWarren, Celia  aWhere is the wind? /cby Celia Warren; illustrated by Lisa Williams aLondon bCollins c2007 a77-85 Fulhom Palace Road, HammersmithbLondon aLevel 2-book A (24p.) bill. c20cm(pbk)  aRead at home a Williams, Lisa